<The> World of Learning 1990

Enregistré dans:
Détails bibliographiques
Format: Livre
Langue:anglais
Publié: London Europa Publications Limited 1989
Édition:5. ed.
Tags: Ajouter un tag
Pas de tags, Soyez le premier à ajouter un tag!

MARC

LEADER 00000nam a2200000 4500
001 c029409
005 20221215114621.9
041 0 |a eng 
044 |a GB 
245 1 0 |a <The> World of Learning 1990 
250 |a 5. ed. 
264 1 |a London  |b Europa Publications Limited  |c 1989 
300 |a 1964 s.